| 000 | 00454pab a2200157 454500 | ||
|---|---|---|---|
| 008 | 180718b1983 xxu||||| |||| 00| 0 eng d | ||
| 100 | _aAha, Byong Man | ||
| 245 |
_aRural - To - Urban migration in South Korea _bA cognitive - Behaviourla approach |
||
| 260 | _c1983 | ||
| 300 | _a57-70 | ||
| 362 | _aSpring | ||
| 650 | _aRural - Urban Migration - Korea, South | ||
| 700 | _aWilliam W. Boyer | ||
| 773 | _aPlanning and Administration | ||
| 909 | _a17648 | ||
| 999 |
_c17648 _d17648 |
||